[Event "Thessaloniki/Chalkidiki-chT"]
[Site "Thessaloniki/Chalkidiki"]
[Date "2019.03.03"]
[Round "7.5"]
[White "Haralabidou, Maria"]
[Black "Batsi, Lida"]
[Result "0-1"]
[WhiteElo "1654"]
[BlackElo "1462"]
[PlyCount "142"]
[EventDate "2019.01.13"]
[EventType "team-tourn"]
[EventRounds "9"]
[EventCountry "GRE"]
[SourceTitle "EXT 2020"]
[Source "ChessBase"]
[SourceDate "2019.10.17"]
[SourceVersion "1"]
[SourceVersionDate "2019.10.17"]
[SourceQuality "1"]
[WhiteTeam "Polichnis"]
[BlackTeam "Thessaloniki SO Sach"]
[WhiteTeamCountry "GRE"]
[BlackTeamCountry "GRE"]

1. c4 Nf6 2. Nf3 e6 3. Nc3 Bb4 4. g3 Bxc3 5. bxc3 d6 6. d4 Qe7 7. Bg2 e5 8. e3 0-0 9. 0-0 c5 10. d5 Bg4 11. h3 Bxf3 12. Bxf3 e4 13. Bg2 Nbd7 14. Qc2 Rfe8 15. a4 h6 16. a5 Nh7 17. Rb1 Rab8 18. f4 exf3 19. Bxf3 Ne5 20. Be2 Qd7 21. Kh2 Ng5 22. g4 Qe7 23. e4 Ng6 24. Bxg5 Qxg5 25. Bf3 Qe5+ 26. Kh1 Nh4 27. Rbe1 Ng6 28. Bg2 Nf4 29. Qf2 g5 30. Re3 b6 31. a6 Re7 32. Qb2 Kg7 33. Qb5 Rc7 34. Rf2 Ng6 35. Rf5 Qe8 36. Kg1 Qxb5 37. cxb5 Re8 38. c4 Re5 39. Rf1 Rce7 40. Kf2 Nf4 41. Rfe1 Ng6 42. Bf3 Nh4 43. Bg2 Ng6 44. Bf1 Re8 45. Bg2 Rg8 46. Kg3 Nh4 47. Kf2 Kf6 48. Kg3 Ke7 49. Rf1 Rg6 50. Re2 Rf6 51. Rxf6 Kxf6 52. Rf2+ Kg7 53. Bf3 Ng6 54. Bg2 Nf4 55. Bf3 Ng6 56. Bg2 Re8 57. Rc2 Rg8 58. Kf2 Kf6 59. Ke3 Ke7 60. Rf2 Ne5 61. Rc2 Rg6 62. Bf1 Rf6 63. Bg2 Rf4 64. Rc1 Ng6 65. Rf1 Kf6 66. Rf2 Ke5 67. Rd2 Nh4 68. Bh1 Rf1 69. Bg2 Rg1 70. Bf3 Rg3 71. Rf2 Rxh3 0-1

[Event "White Tower rapid op"]
[Site "Thessaloniki"]
[Date "2017.12.30"]
[Round "6"]
[White "Haralabidou, Maria"]
[Black "Tetepoulidis, Ioannis"]
[Result "0-1"]
[WhiteElo "1447"]
[BlackElo "1825"]
[PlyCount "42"]
[EventDate "2017.12.28"]
[EventType "swiss (rapid)"]
[EventRounds "9"]
[EventCountry "GRE"]
[SourceTitle "CBM 182 Extra"]
[Source "ChessBase"]
[SourceDate "2018.02.23"]
[SourceVersion "1"]
[SourceVersionDate "2018.02.23"]
[SourceQuality "1"]

1. d4 d6 2. e4 Nf6 3. Nc3 Nbd7 4. Nf3 e5 5. Bd3 c6 6. 0-0 Be7 7. d5 0-0 8. h3 Nc5 9. Re1 cxd5 10. exd5 Nxd3 11. Qxd3 Ne8 12. Nd2 f5 13. f3 Bh4 14. Rf1 Rf6 15. Nc4 Rg6 16. Kh1 Bg3 17. Qe2 Qh4 18. Bd2 f4 19. Ne4 Bxh3 20. gxh3 Qxh3+ 21. Kg1 Be1+ 0-1

[Event "GRE-ch U16 Girls"]
[Site "Greece"]
[Date "2014.07.07"]
[Round "4"]
[White "Haralabidou, Maria"]
[Black "Petraki, Evaggelia"]
[Result "1-0"]
[WhiteElo "1414"]
[BlackElo "1431"]
[PlyCount "74"]
[EventDate "2014.07.04"]
[EventType "swiss"]
[EventRounds "9"]
[EventCountry "GRE"]
[SourceTitle "EXT 2017"]
[Source "ChessBase"]
[SourceDate "2016.10.25"]
[SourceVersion "1"]
[SourceVersionDate "2016.10.25"]
[SourceQuality "1"]

1. d4 f5 2. Bg5 g6 3. e3 Bg7 4. h4 Nf6 5. Bxf6 Bxf6 6. h5 d6 7. Bd3 c5 8. c3 e5 9. hxg6 hxg6 10. Rxh8+ Bxh8 11. Qb3 Ke7 12. Nh3 Bf6 13. Nd2 b6 14. Qd5 Ba6 15. Bc4 Bxc4 16. Qxa8 Bf7 17. Qxa7+ Nd7 18. Nf3 Bd5 19. dxc5 dxc5 20. Rd1 Bxf3 21. gxf3 Ke8 22. f4 Qe7 23. Qa8+ Qd8 24. Qxd8+ Bxd8 25. Rd6 exf4 26. Nxf4 g5 27. Nd5 b5 28. b3 Ba5 29. Ra6 Bd8 30. Ra8 Ne5 31. Nc7+ Kd7 32. Nxb5 c4 33. bxc4 Nxc4 34. a4 Nb6 35. Ra7+ Kc6 36. Nd4+ Kc5 37. Ne6+ Kd5 1-0

[Event "GRE-ch U18 Girls"]
[Site "Thessaloniki"]
[Date "2014.01.08"]
[Round "7"]
[White "Liapi Zenebisi, Filippa Areti"]
[Black "Haralabidou, Maria"]
[Result "1-0"]
[WhiteElo "1481"]
[BlackElo "1428"]
[PlyCount "95"]
[EventDate "2014.01.02"]
[EventType "swiss"]
[EventRounds "7"]
[EventCountry "GRE"]
[SourceTitle "EXT 2017"]
[Source "ChessBase"]
[SourceDate "2016.10.25"]
[SourceVersion "1"]
[SourceVersionDate "2016.10.25"]
[SourceQuality "1"]

1. d4 d5 2. Nf3 Nf6 3. c4 c6 4. Nc3 e6 5. e3 Nbd7 6. Qc2 Bd6 7. Bd3 h6 8. 0-0 0-0 9. Rd1 Qe7 10. cxd5 exd5 11. a3 a5 12. Re1 Re8 13. e4 dxe4 14. Nxe4 Nxe4 15. Rxe4 Qd8 16. Rxe8+ Qxe8 17. Bd2 Nf6 18. Re1 Qd8 19. Ne5 Be6 20. Bf5 Bxf5 21. Qxf5 Qc8 22. Qxc8+ Rxc8 23. Bxa5 Re8 24. Nc4 Rxe1+ 25. Bxe1 Bc7 26. Ba5 Bf4 27. g3 Bc1 28. Bd2 b5 29. Bxc1 bxc4 30. Kf1 Kf8 31. Ke2 Nd5 32. Kd2 Ke7 33. Kc2 Kd7 34. Bd2 Kc7 35. b3 cxb3+ 36. Kxb3 Kb6 37. Kc4 f5 38. h4 h5 39. a4 Nc7 40. a5+ Ka6 41. Kc5 Nb5 42. d5 cxd5 43. Kxd5 Na3 44. Ke6 Nc4 45. Bc3 g5 46. hxg5 f4 47. g6 fxg3 48. fxg3 1-0

[Event "GRE-ch U18 Girls"]
[Site "Thessaloniki"]
[Date "2014.01.06"]
[Round "5"]
[White "Haralabidou, Maria"]
[Black "Koukouraki, Hrisi"]
[Result "1-0"]
[WhiteElo "1428"]
[BlackElo "1047"]
[PlyCount "59"]
[EventDate "2014.01.02"]
[EventType "swiss"]
[EventRounds "7"]
[EventCountry "GRE"]
[SourceTitle "EXT 2017"]
[Source "ChessBase"]
[SourceDate "2016.10.25"]
[SourceVersion "1"]
[SourceVersionDate "2016.10.25"]
[SourceQuality "1"]

1. Nf3 d5 2. d4 Nd7 3. e3 Ngf6 4. c4 e6 5. Nc3 Bb4 6. a3 Bxc3+ 7. bxc3 Ne4 8. Qc2 0-0 9. cxd5 exd5 10. c4 c6 11. Bd3 Re8 12. 0-0 Ndf6 13. Ne5 Be6 14. f3 Nd6 15. c5 Nc8 16. Rb1 Qc7 17. g4 h6 18. h4 Nd7 19. Nxd7 Bxd7 20. Qg2 Ne7 21. Kf2 Rad8 22. Rg1 Be6 23. h5 g5 24. hxg6 fxg6 25. Rh1 Kg7 26. e4 Ng8 27. Qh3 h5 28. e5 Rf8 29. Bxg6 Kxg6 30. Qxh5+ 1-0

[Event "GRE-chT U16"]
[Site "Patras"]
[Date "2012.12.17"]
[Round "5.5"]
[White "Serefidou, Despina"]
[Black "Haralabidou, Maria"]
[Result "1-0"]
[WhiteElo "1942"]
[BlackElo "1413"]
[PlyCount "99"]
[EventDate "2012.12.15"]
[EventType "team"]
[EventRounds "5"]
[EventCountry "GRE"]
[SourceTitle "EXT 2020"]
[Source "ChessBase"]
[SourceDate "2019.10.17"]
[SourceVersion "1"]
[SourceVersionDate "2019.10.17"]
[SourceQuality "1"]

1. e4 Nf6 2. e5 Nd5 3. d4 d6 4. c4 Nb6 5. exd6 exd6 6. Bd3 Be7 7. Nc3 0-0 8. Nge2 Bf6 9. Be3 N8d7 10. 0-0 c5 11. Ne4 cxd4 12. Nxf6+ Nxf6 13. Nxd4 Re8 14. Qc2 h6 15. h3 Bd7 16. Rac1 Rc8 17. Qb1 Kh8 18. Rfd1 Be6 19. b3 a6 20. Bf4 Nh5 21. Be3 Nf6 22. Nf5 Na8 23. c5 dxc5 24. Bxa6 Qb6 25. Bc4 Bxc4 26. Rxc4 Rcd8 27. Bxc5 Rxd1+ 28. Qxd1 Qd8 29. Nd6 Kg8 30. Rd4 Re6 31. Nxb7 Qc7 32. Rd8+ Re8 33. Rxe8+ Nxe8 34. Qd8 Qxd8 35. Nxd8 f6 36. Kf1 Nec7 37. Ke2 Na6 38. Bd6 N8c7 39. a4 Nd5 40. Kd3 g6 41. a5 Ndb4+ 42. Bxb4 Nxb4+ 43. Kc4 Na6 44. b4 Kf8 45. b5 Nb8 46. a6 Nd7 47. a7 Nb6+ 48. Kc5 Na8 49. Kc6 Ke8 50. Kd5 1-0

[Event "GRE-chT U16"]
[Site "Patras"]
[Date "2012.12.16"]
[Round "4.5"]
[White "Papageorgiou, Fotini"]
[Black "Haralabidou, Maria"]
[Result "0-1"]
[WhiteElo "1395"]
[BlackElo "1413"]
[PlyCount "96"]
[EventDate "2012.12.15"]
[EventType "team"]
[EventRounds "5"]
[EventCountry "GRE"]
[SourceTitle "EXT 2020"]
[Source "ChessBase"]
[SourceDate "2019.10.17"]
[SourceVersion "1"]
[SourceVersionDate "2019.10.17"]
[SourceQuality "1"]

1. e4 Nf6 2. Nc3 d5 3. exd5 Nxd5 4. d4 Nc6 5. Nf3 Bg4 6. Bb5 e6 7. a3 Bd6 8. Qd3 0-0 9. Bxc6 bxc6 10. 0-0 c5 11. dxc5 Bxc5 12. Nxd5 Qxd5 13. Qxd5 exd5 14. Ne5 Be6 15. Bf4 Bd6 16. Nd3 Bxf4 17. Nxf4 Rfe8 18. Rad1 c6 19. Nd3 Bf5 20. Nb4 Rac8 21. Rd2 h6 22. Rc1 a5 23. Nd3 Bxd3 24. Rxd3 Rb8 25. b3 Re6 26. Kf1 Rb5 27. c4 dxc4 28. Rxc4 Kh7 29. Rdc3 f6 30. Rc5 Kg6 31. Rxb5 cxb5 32. Rc5 Re5 33. b4 axb4 34. axb4 Rxc5 35. bxc5 Kf7 36. Ke2 Ke6 37. c6 Kd6 38. Kd3 Kxc6 39. Kc3 Kc5 40. Kb3 b4 41. h3 g6 42. h4 g5 43. hxg5 hxg5 44. g3 g4 45. Kb2 Kc4 46. Kc2 b3+ 47. Kb2 Kd3 48. Kxb3 Ke2 0-1

[Event "GRE-chT U16"]
[Site "Patras"]
[Date "2012.12.15"]
[Round "2.5"]
[White "Tsamantani, Eleni Marina"]
[Black "Haralabidou, Maria"]
[Result "1/2-1/2"]
[WhiteElo "1344"]
[BlackElo "1413"]
[PlyCount "90"]
[EventDate "2012.12.15"]
[EventType "team"]
[EventRounds "5"]
[EventCountry "GRE"]
[SourceTitle "EXT 2020"]
[Source "ChessBase"]
[SourceDate "2019.10.17"]
[SourceVersion "1"]
[SourceVersionDate "2019.10.17"]
[SourceQuality "1"]

1. d4 d5 2. Nf3 Nf6 3. Bg5 Ne4 4. Bh4 c5 5. e3 Qb6 6. Qc1 Nc6 7. c3 Bf5 8. Bd3 Nxf2 9. Bxf2 Bxd3 10. Qd2 c4 11. Qc1 e6 12. Nbd2 Bd6 13. b3 0-0 14. b4 a5 15. a3 a4 16. Bg3 Qc7 17. Bf2 e5 18. dxe5 Nxe5 19. Nd4 Qd7 20. Ne2 Ng4 21. h3 Nf6 22. Qd1 Ne4 23. Nxe4 dxe4 24. 0-0 Be5 25. Re1 Rfd8 26. Qc1 f5 27. Bg3 Bxg3 28. Nxg3 Rf8 29. Ne2 g5 30. Qd1 f4 31. exf4 gxf4 32. Nd4 f3 33. gxf3 exf3 34. Nxf3 Qxh3 35. Kf2 Qh4+ 36. Kg2 Qg4+ 37. Kf2 Qf4 38. Rg1+ Kh8 39. Rg3 Rad8 40. Qc1 Qxc1 41. Rxc1 Be4 42. Ke2 Bxf3+ 43. Rxf3 Rxf3 44. Kxf3 Rd3+ 45. Ke2 Kg7 1/2-1/2

[Event "Thessaloniki Triandria op 5th"]
[Site "Thessaloniki"]
[Date "2012.04.17"]
[Round "1"]
[White "Haralabidou, Maria"]
[Black "Kiratzopoulos, Efthimios"]
[Result "0-1"]
[WhiteElo "1450"]
[BlackElo "2170"]
[PlyCount "42"]
[EventDate "2012.04.17"]
[EventType "swiss"]
[EventRounds "7"]
[EventCountry "GRE"]
[SourceTitle "EXT 2014"]
[Source "ChessBase"]
[SourceDate "2013.11.20"]
[SourceVersion "1"]
[SourceVersionDate "2013.11.20"]
[SourceQuality "1"]

1. Nf3 Nf6 2. c4 Nc6 3. b3 g6 4. Bb2 Bg7 5. a3 0-0 6. g3 d5 7. Bg2 d4 8. 0-0 e5 9. d3 Re8 10. Re1 e4 11. dxe4 Nxe4 12. Qc2 Bf5 13. Nh4 Nxg3 14. Nxf5 Nxf5 15. Qd3 Qg5 16. Kh1 Ne5 17. Qd2 Qh4 18. f3 Bh6 19. e3 dxe3 20. Qd1 Bf4 21. h3 Qg3 0-1